| 000 | 01823nam a2200253Ia 4500 | ||
|---|---|---|---|
| 003 | Ost | ||
| 005 | 20260507075150.0 | ||
| 008 | 260507s9999||||xx |||||||||||||| ||und|| | ||
| 020 | _a9510169957 | ||
| 040 | _cfsecg | ||
| 041 | _aara | ||
| 082 | _a330 | ||
| 100 |
_aالشناق، معين فندي _eمؤلف |
||
| 245 | 0 |
_aالاحتكار و الممارسات المقيدة للمنافسة في ضوء قوانين المنافسة و الاتفاقيات الدولية / _c معين فندي الشناق |
|
| 260 |
_aعمان: _bدار الثقافة, _c2010 |
||
| 300 |
_a320 صفحة؛ _c24 سم |
||
| 504 | _aمراجع ص.309 ؛ملاحق ص.283 | ||
| 520 | _aماهية و أقسام المنافسة و الاحتكار ، التطور التاريخي لقانون المنافسة و اهميته ، حماية المنافسة و منع الاحتكار في التشريعات المختلفة ، تمييز المنافسة عن غيرها من النظم المشابهة لها ، المعنيون بقانون المنافسة ، المركز الاحتكاري ، إساءة إستغلال الوضع المهمن (المركز الاحتكاري) ،الاعمال و التصرفات التي تشكل إساءة استغلال لمركز قوة سوقية مهيمنة ، الاتفاقيات الاقتصادية المقيدة للمنافسة ، مدى مخالفة الاندماج و السيطرة ( التركيز الاقتصادي ) لأحكام قانون المنافسة ، الوسائل القانونية اللازمة لمواجهة الممارسات المقيدة للمنافسة | ||
| 653 | _aالاتفاقيات الدولية | ||
| 653 | _aالاحتكار | ||
| 653 | _aالإقتصاد الرأسمالي | ||
| 653 | _aالمنافسة | ||
| 942 | _cكتاب | ||
| 999 |
_c43337 _d43337 |
||